000 00625nam a2200205 i 4500
001 109796
003 ES-MaACL
005 20251011063122.0
007 t|
008 061121s1941 sp r ||||1| spa d
100 0 _aMuñoz, Antonio,
_d1884-1960
_984291
245 1 0 _aRembrandt /
_cAntonio Muñoz.
260 _aNovara :
_bIstituto Geografico De Agostini,
_c1941.
300 _aXXIX, 129 lám. ;
_c34 cm.
490 1 _aGrandi pittori
600 0 4 _aRembrandt Harmenszoon van Rijn,
_d1606-1669
_996120
830 0 _aGrandi pittori
_9232991
852 _aES-MaACL
_jB-2911
_bR.29342
999 _c109796
_d109796